| 000 -LEADER |
| fixed length control field |
00680nam a22001817a 4500 |
| 005 - DATE AND TIME OF LATEST TRANSACTION |
| control field |
20250918154334.0 |
| 008 - FIXED-LENGTH DATA ELEMENTS--GENERAL INFORMATION |
| fixed length control field |
250918s2004 gw ||||| |||| 00| 0 goh d |
| 020 ## - INTERNATIONAL STANDARD BOOK NUMBER |
| International Standard Book Number |
9783423033503 |
| 041 ## - LANGUAGE CODE |
| Language code of text/sound track or separate title |
goh |
| 080 ## - UNIVERSAL DECIMAL CLASSIFICATION NUMBER |
| Universal Decimal Classification number |
821.112.09 R-37 |
| 100 ## - MAIN ENTRY--PERSONAL NAME |
| Personal name |
Riegel, Paul |
| 9 (RLIN) |
25835 |
| 245 ## - TITLE STATEMENT |
| Title |
Deutsche Literaturgeschichte : |
| Remainder of title |
Band 10: Drittes Reich und Exil 1933 - 1945 / |
| Statement of responsibility, etc. |
Paul Riegel, Wolfgang van Rinsum. |
| 264 ## - PRODUCTION, PUBLICATION, DISTRIBUTION, MANUFACTURE, AND COPYRIGHT NOTICE |
| Place of production, publication, distribution, manufacture |
München: |
| Name of producer, publisher, distributor, manufacturer |
Deutscher Taschenbuch Verlag |
| Date of production, publication, distribution, manufacture, or copyright notice |
2000. |
| 300 ## - PHYSICAL DESCRIPTION |
| Extent |
302 p.; |
| Other physical details |
20 cm. |
| 653 ## - INDEX TERM--UNCONTROLLED |
| keyword |
გერმანული ლიტერატურის ისტორია |
| 700 ## - ADDED ENTRY--PERSONAL NAME |
| Personal name |
Rinsum, Wolfgang |
| Relator term |
ავტორი |
| 9 (RLIN) |
25833 |
| 942 ## - ADDED ENTRY ELEMENTS (KOHA) |
| Source of classification or shelving scheme |
|
| Koha item type |
წიგნი |